| 000 | 00593nam a2200193Ia 4500 | ||
|---|---|---|---|
| 003 | GCL | ||
| 008 | 140319s9999 xx 000 0 ara d | ||
| 040 |
_aGCL / _cGCL |
||
| 082 | 0 | 4 |
_a954.9 _bب ب |
| 245 | 1 | 0 | _aباكستان بعد ضياء الحق |
| 260 |
_a[S.N] : _bالمنتدى الاسلامى ، _c1988 |
||
| 300 | _a148 ص | ||
| 490 | _a | ||
| 650 | 0 | 4 | _aباكستان - تاريخ |
| 650 | 0 | 4 | _aباكستان - تاريخ - العصر الحديث |
| 650 | 0 | 4 | _aمحمد ضياءالحق |
| 650 | 0 | 4 | _aباكستان - تاريخ - بنازير بوتو |
| 942 |
_2ddc _cBK |
||
| 999 |
_c34060 _d34060 |
||